00873cam a22002173a 4500001000500000005001700005020003100022040002800053050002900081100001800110245007000128260005300198300004300251505000800294520021700302521002000519521002000539650003400559655003600593700002600629130220241217103442.0 a0590498495 (pbk.) :c$4.50 aDMPcDMPdOCLdDLCbeng00aCPB Box no. 1765 vol. 361 aDeary, Terry.14aThe vicious Vikings /cTerry Deary ; illustrated by Martin Brown. aNew York :bScholastic,c1999. g(1997 printing) a141 pages : bIllustrations ; c20 cm.2 aW  aThe master of making history fun, Terry Deary takes on the Vikings in this marauding look at our Scandinavian ancestors. From Viking Gods in wedding dresses and corpses on trial to death by booby-trapped statues! a870 bLexile  aW bRaz-Plus  0aVikingsvJuvenile literature. 7aComic books, strips, etc.2lcsh1 aBrown, Martin,d1959-